Kriminologischer Beitrag: die Evaluation eines Prognoseverfahrens für Sexualstraftäter
Saved in:
| Main Author: | |
|---|---|
| Format: | Article (Journal) |
| Language: | German |
| Published: |
2008
|
| In: |
Forensische Psychiatrie, Psychologie, Kriminologie
Year: 2008, Volume: 2, Issue: 2, Pages: 141-142 |
| ISSN: | 1862-7072 |
| Online Access: |
|
| Author Notes: | Dieter Hermann |
MARC
| LEADER | 00000caa a2200000 c 4500 | ||
|---|---|---|---|
| 001 | 1622856813 | ||
| 003 | DE-627 | ||
| 005 | 20220815125436.0 | ||
| 007 | tu | ||
| 008 | 080613s2008 xx ||||| 00| ||ger c | ||
| 035 | |a (DE-627)1622856813 | ||
| 035 | |a (DE-576)281722129 | ||
| 035 | |a (DE-599)BSZ281722129 | ||
| 035 | |a (OCoLC)1341041494 | ||
| 040 | |a DE-627 |b ger |c DE-627 |e rakwb | ||
| 041 | |a ger | ||
| 084 | |a 14 |2 sdnb | ||
| 100 | 1 | |a Hermann, Dieter |d 1951- |0 (DE-588)135546311 |0 (DE-627)566683806 |0 (DE-576)300506554 |4 aut | |
| 245 | 1 | 0 | |a Kriminologischer Beitrag |b die Evaluation eines Prognoseverfahrens für Sexualstraftäter |c Dieter Hermann |
| 264 | 1 | |c 2008 | |
| 300 | |a 2 | ||
| 336 | |a Text |b txt |2 rdacontent | ||
| 337 | |a ohne Hilfsmittel zu benutzen |b n |2 rdamedia | ||
| 338 | |a Band |b nc |2 rdacarrier | ||
| 773 | 0 | 8 | |i In |t Forensische Psychiatrie, Psychologie, Kriminologie |d Berlin : Springer, 2007 |g 2(2008), 2, Seite 141-142 |w (DE-627)521481252 |w (DE-600)2262947-6 |w (DE-576)262269163 |x 1862-7072 |7 nnas |a Kriminologischer Beitrag die Evaluation eines Prognoseverfahrens für Sexualstraftäter |
| 773 | 1 | 8 | |g volume:2 |g year:2008 |g number:2 |g pages:141-142 |g extent:2 |a Kriminologischer Beitrag die Evaluation eines Prognoseverfahrens für Sexualstraftäter |
| 951 | |a AR | ||
| 992 | |a 20120913 | ||
| 993 | |a Article | ||
| 994 | |a 2008 | ||
| 998 | |g 135546311 |a Hermann, Dieter |m 135546311:Hermann, Dieter |d 20000 |d 20200 |e 20000PH135546311 |e 20200PH135546311 |k 0/20000/ |k 1/20000/20200/ |p 1 |x j |y j | ||
| 999 | |a KXP-PPN1622856813 |e 3247839879 | ||
| BIB | |a Y | ||
| SER | |a journal | ||
| JSO | |a {"relHost":[{"id":{"issn":["1862-7072"],"zdb":["2262947-6"],"eki":["521481252"]},"origin":[{"publisherPlace":"Berlin ; Heidelberg ; Darmstadt ; Heidelberg ; Heidelberg","publisher":"Springer ; Steinkopff ; Steinkopff ; Springer-Medizin","dateIssuedDisp":"2007-","dateIssuedKey":"2007"}],"title":[{"title_sort":"Forensische Psychiatrie, Psychologie, Kriminologie","title":"Forensische Psychiatrie, Psychologie, Kriminologie"}],"pubHistory":["1.2006/07(2007) -"],"recId":"521481252","type":{"bibl":"periodical"},"physDesc":[{"noteFormat":"28 cm"}],"note":["Ungezählts Beil. ab 2010: Suppl"],"part":{"text":"2(2008), 2, Seite 141-142","issue":"2","extent":"2","pages":"141-142","volume":"2","year":"2008"},"disp":"Kriminologischer Beitrag die Evaluation eines Prognoseverfahrens für SexualstraftäterForensische Psychiatrie, Psychologie, Kriminologie","person":[{"family":"Dölling","role":"edt","display":"Dölling, Dieter","given":"Dieter"}],"language":["ger"]}],"recId":"1622856813","type":{"bibl":"article-journal"},"physDesc":[{"extent":"2 S."}],"id":{"eki":["1622856813"]},"person":[{"display":"Hermann, Dieter","given":"Dieter","family":"Hermann","role":"aut"}],"name":{"displayForm":["Dieter Hermann"]},"origin":[{"dateIssuedKey":"2008","dateIssuedDisp":"2008"}],"language":["ger"],"title":[{"title":"Kriminologischer Beitrag","title_sort":"Kriminologischer Beitrag","subtitle":"die Evaluation eines Prognoseverfahrens für Sexualstraftäter"}]} | ||
| SRT | |a HERMANNDIEKRIMINOLOG2008 | ||